000
00316nam a22001337a 4500
008
170620b xxu||||| |||| 00| 0 eng d
020
_a
0819144258
041
_a
eng
080
_a
32
100
_a
20
101
_a
SHP
245
_a
MORALISM AND MORALITY IN POLITICS AND DIPLOMACY
_c
THOMPSON, K.W
942
_2
udc
_c
BK
999
_c
18297
_d
18297